000 00771cam a2200145 4500500
005 20260322005259.0
041 _afre
042 _adc
100 1 0 _aQuantin, Jean-Louis
_eauthor
245 0 0 _aFormen internationaler Beziehungen in der frühen Neuzeit : Frankreich und das alte Reich im europäischen Staatensystem. Festschrift für Klaus Malettke zum 65. Geburtstag. Herausgegeben von Sven Externbrink und Jörg Ulbert, Berlin, Duncker und Humblot, coll. « Historische Forschungen », 2001, 1 vol. 23,5 × 16 cm de 550 p.
260 _c2003.
500 _a76
786 0 _nDix-septième siècle | 219 | 2 | 2003-06-01 | p. 357m-376m | 0012-4273
856 4 1 _uhttps://shs.cairn.info/revue-dix-septieme-siecle-2003-2-page-357m?lang=fr&redirect-ssocas=7080
999 _c1747170
_d1747171